| 000 | 01505nam a22005770a 4500 | ||
|---|---|---|---|
| 001 | UByD000738 | ||
| 003 | AR-LpoUNG | ||
| 005 | 20220716193000.0 | ||
| 008 | 220712s1984||||ag |||||||||||||||||spa d | ||
| 020 | _a950050340 | ||
| 040 |
_aAR-LpoUNG _bspa _cAR-LpoUNG _eaacr |
||
| 041 | _aspa | ||
| 044 | _aag | ||
| 082 | 0 | _a982.064 475die | |
| 100 | 1 | _aSenén Gonzalez, Santiago | |
| 245 | 1 | 0 | _aDiez años de sindicalismo argentino : de Perón al Proceso |
| 250 | _a1ra. ed. | ||
| 260 |
_aBuenos Aires : _bCorregidor, _c1984. |
||
| 300 | _a225 p. | ||
| 650 | 4 | _aARGENTINA | |
| 650 | 4 | _aHISTORIA | |
| 650 | 4 | _aHISTORIA NACIONAL | |
| 650 | 4 | _aHISTORIA POLITICA | |
| 650 | 4 | _aHISTORIA SOCIAL | |
| 650 | 4 | _aANALISIS HISTORICO | |
| 650 | 4 | _aASPECTOS ECONOMICOS | |
| 650 | 4 | _aESTADO | |
| 650 | 4 | _aMOVIMIENTOS OBREROS | |
| 650 | 4 | _aLUCHA DE CLASES | |
| 650 | 4 | _aSINDICALISMO | |
| 650 | 4 | _aSINDICATOS | |
| 650 | 4 | _aCLASE OBRERA | |
| 650 | 4 | _aPARTICIPACION DE LOS TRABAJADORES | |
| 650 | 4 | _aCONFLICTOS LABORALES | |
| 650 | 4 | _aDERECHO DE HUELGA | |
| 650 | 4 | _aHUELGAS | |
| 650 | 4 | _aPROBLEMAS SOCIALES | |
| 650 | 4 | _aCAMBIO SOCIAL | |
| 650 | 4 | _aMOVIMIENTOS SOCIALES | |
| 650 | 4 | _aPOLITICA INTERNA | |
| 650 | 4 | _aDICTADURA | |
| 650 | 4 | _aVIOLENCIA | |
| 650 | 4 | _aTEORIA POLITICA | |
| 653 | 0 | _aHISTORIA ARGENTINA | |
| 653 | 0 | _aPERONISMO | |
| 653 | 0 | _aCGT | |
| 653 | 0 | _aTERRORISMO DE ESTADO | |
| 700 | 1 | _aGallo, Ricardo | |
| 905 | _a30906 | ||
| 942 |
_cLIB _2ddc |
||
| 999 |
_c63423 _d63423 |
||